000 00319nam a2200145Ia 4500
008 230718s9999 xx 000 0 und d
041 _aEng.
082 _a343.06
_bHIG-C
100 _aHiggins, m
245 0 _aCybellage
260 _aPakistan
_bSydney new yelk
_c2000
300 _a237
650 _aLaw
999 _c26845
_d26845